La demanda indígena de autonomía desde los acuerdos de San Andrés : los retos para el derecho y la pertinencia del pluralismo jurídico /

Estudio sobre la pertinencia de una autonomía indígena en el contexto del sistema jurídico mexicano, teniendo en cuenta los acuerdos de San Andrés, que se firmaron el 16 de febrero de 1996: en ellos el gobierno mexicano se comprometió a modificar la Constitución nacional para otorgar autonomía y rec...

Descripció completa

Guardat en:
Dades bibliogràfiques
Autor principal: López López, Liliana (autor)
Format: Llibre
Idioma:espanyol
Publicat: Aguascalientes, México : San Luis Potosí, México : San Cristóbal de las Casas, México : Centro de Estudios Jurídicos y Sociales Mispat ; Universidad Autónoma de San Luis Potosí ; Educación para las Ciencias en Chiapas, 2011, c2011
Matèries:
Etiquetes: Afegir etiqueta
Sense etiquetes, Sigues el primer a etiquetar aquest registre!

MARC

LEADER 00000nam^a2200000^a^4500
001 000380298
005 20250521000000.0
009 20260310120554.889
020 |a 978-607-8062-07-2 
037 |a Acervo ITESO - Biblioteca 
041 |a ESP 
082 |a 342. 720872  |b LOP 
100 |a López López, Liliana  |e (autor) 
245 1 3 |a La demanda indígena de autonomía desde los acuerdos de San Andrés :  |b los retos para el derecho y la pertinencia del pluralismo jurídico /  |c L. López López. 
264 4 |a Aguascalientes, México :  |b Centro de Estudios Jurídicos y Sociales Mispat ;  |a San Luis Potosí, México :  |b Universidad Autónoma de San Luis Potosí ;  |a San Cristóbal de las Casas, México :  |b Educación para las Ciencias en Chiapas,  |c 2011, c2011 
300 |a 239 p. 
336 |a texto  |b txt  |2 rdacontenido 
337 |a sin mediación  |b n  |2 rdamedio 
338 |a volumen  |b nc  |2 rdasoporte 
520 |a Estudio sobre la pertinencia de una autonomía indígena en el contexto del sistema jurídico mexicano, teniendo en cuenta los acuerdos de San Andrés, que se firmaron el 16 de febrero de 1996: en ellos el gobierno mexicano se comprometió a modificar la Constitución nacional para otorgar autonomía y reconocer otros derechos en materia de justicia e igualdad para los pueblos indígenas y los pobres de México. 
649 |a XX 
650 |a Indígenas de México -  |x Condiciones Jurídicas -  |x Tema Principal 
650 |a Indígenas de México -  |x Condiciones Políticas 
650 |a Indígenas de México -  |x Historia -  |y 2006-2012 
650 |a Constitución, 1917 -  |z México 
650 |a Pobreza -  |z México -  |x Historia -  |y 2006-2012 
650 |a Autonomía Política -  |z México -  |x Historia -  |y 2006-2012  |x Tema Principal 
650 |a Pluralismo -  |z México -  |x Historia -  |y 2006-2012  |x Tema Principal 
650 |a Política -  |z México -  |x Historia -  |y 2006-2012 
650 |a Derecho Constitucional -  |z México -  |x Historia -  |y 2006-2012 -  |x Tema Principal 
650 |a Derecho Público -  |z México -  |x Historia -  |y 2006-2012 
650 |a México -  |x Condiciones Jurídicas 
650 |a México -  |x Condiciones Políticas 
650 |a México -  |x Historia -  |y 2006-2012 
910 |a Fondo General 
920 |a Impresos - Libros 
930 |a Colección General 
905 |a 101 
901 |a 0500275426  |b IT1  |c ACC  |i D66049  |u 20250521 
902 |a https://opac.biblio.iteso.mx/vufind/Record/000380298